Spawning generations : rants and reflections on growing up with LGBTQ+ parents /

Bibliographic Details
Corporate Author: JSTOR (Organization)
Other Authors: Epstein-Fine, Sadie, 1992- (Editor), Zook, Makeda, 1986- (Editor)
Format: eBook
Language:English
Published: Bradford, Ontario : Demeter Press, 2018.
Subjects:
Online Access:Connect to the full text of this electronic book

MARC

Tag First Indicator Second Indicator Subfields
LEADER 00000cam a2200000Ki 4500
001 in00004005021
005 20190416183901.0
006 m o d
007 cr cnu---unuuu
008 180525s2018 onc ob 000 0 eng d
020 |a 9781772581829  |q electronic book 
020 |a 1772581828  |q electronic book 
024 8 |a 40028433920 
035 |a (NhCcYBP)ybp15499295 
037 |a 22573/ctv14nwt6  |b JSTOR 
037 |a 77ACEFB9-20AA-4F61-9B02-8D4896FD40D3  |b OverDrive, Inc.  |n http://www.overdrive.com 
040 |a NhCcYBP  |c NhCcYBP  |d UtOrBLW 
050 4 |a HQ777.8  |b .S63 2018 
072 7 |a FAM  |x 034010  |2 bisacsh 
072 7 |a FAM  |x 032000  |2 bisacsh 
072 7 |a SOC  |x 028000  |2 bisacsh 
072 7 |a FAM  |x 034000  |2 bisacsh 
082 0 4 |a 306.874086/6  |2 23 
084 |a cci1icc  |2 lacc 
084 |a coll13  |2 lacc 
245 0 0 |a Spawning generations :  |b rants and reflections on growing up with LGBTQ+ parents /  |c Sadie Epstein-Fine and Makeda Zook, editors. 
264 1 |a Bradford, Ontario :  |b Demeter Press,  |c 2018. 
300 |a 1 online resource. 
336 |a text  |b txt  |2 rdacontent 
337 |a computer  |b c  |2 rdamedia 
338 |a online resource  |b cr  |2 rdacarrier 
504 |a Includes bibliographical references. 
588 |a Description based on online resource; title from digital title page (viewed on August 01, 2018). 
500 |a Electronic resource. 
650 0 |a Children of sexual minority parents.  |0 http://id.loc.gov/authorities/subjects/sh2006000227 
650 0 |a Children of gay parents.  |0 http://id.loc.gov/authorities/subjects/sh85023551 
650 0 |a Parent and child.  |0 http://id.loc.gov/authorities/subjects/sh85097980 
655 7 |a Electronic books.  |2 local 
700 1 |a Epstein-Fine, Sadie,  |d 1992-  |e editor.  |0 http://id.loc.gov/authorities/names/no2018077046 
700 1 |a Zook, Makeda,  |d 1986-  |e editor.  |0 http://id.loc.gov/authorities/names/no2018077184 
710 2 |a JSTOR (Organization)  |0 http://id.loc.gov/authorities/names/no97001983 
776 1 8 |i Print version:  |t Spawning generations.  |d Bradford, Ontario : Demeter Press, 2018  |z 9781772581591 
856 4 0 |u http://proxy.library.tamu.edu/login?url=https://www.jstor.org/stable/j.ctv157brg  |z Connect to the full text of this electronic book  |t 0 
955 |a YBP purchased approval e-records 
980 |b 22.49  |g 1 
999 f f |s b8e0aa17-7afe-3dea-b011-bb70178ed2dc  |i 96274f2e-b55e-3767-b5d0-2500e8b9e78c  |t 0 
952 f f |a Texas A&M University  |b College Station  |c Electronic Resources  |d Available Online  |t 0  |e HQ777.8 .S63 2018  |h Library of Congress classification 
998 f f |a HQ777.8 .S63 2018  |t 0  |l Available Online